000 00373nam a2200181Ia 4500
003 0STCL
008 150530s9999 xx 000 0 und d
040 _aSTCL
_cSTCL
100 _aThayatt, K.
245 _aAkshatham
250 _a1
260 _bAuthor
_c1983
300 _a0
546 _aMalayalam
942 _2ddc
_cBK
999 _c48848
_d48848
005 20220125170752.0